| 000 | 007670000a22002290004500 | ||
|---|---|---|---|
| 003 | LK-CoMWRAF | ||
| 005 | 20231120125240.0 | ||
| 008 | 230817t1976 ||||| |||| 00| 0 eng d | ||
| 020 | _a0041090136 | ||
| 040 |
_aLK-CoMWRAF _dLK-CoMWRAF _eLK-CoMWRAF |
||
| 041 | _aeng | ||
| 082 |
_a113 _bNAS |
||
| 100 | _aNasr, Seyyed Hossein | ||
| 245 |
_aMan and Nature: _bthe spiritual crisis of modern man |
||
| 260 |
_aLondon: _bUnwin Paperbacks, _c1976 |
||
| 300 |
_a151 p. ; 22 cm. _bIndex included |
||
| 490 | _aMandala books | ||
| 650 | _aPHILOSOPHICAL ANTHROPOLOGY | ||
| 650 | _aPhilosophy of nature | ||
| 856 | _uhttps://sufipathoflove.files.wordpress.com/2019/09/nasr-seyyed-hossein-man-and-nature-the-spiritual-crisis-of-modern-man-1991-scan-ocr.pdf | ||
| 942 | _cBK | ||
| 999 |
_c1878 _d1878 |
||